000 00623nam a2200229 4500
001 108269
003 ES-MaACL
005 20230906184619.0
007 t|
008 061121s1920 fr r ||||1| fre d
080 _a262.13"13"
080 _a27"13"
080 _a270.3"1305:1378"
100 1 _aMollat, Guillaume.
_9139065
245 1 4 _aLes Papes d'Avignon (1305-1378) /
_cG. Mollat.
250 _a3e éd.
260 _aParis :
_bFirmin Didot,
_c1920.
300 _aXVI, 440 p. ;
_c19 cm.
650 4 _aPapas-
_yS.XIV.
_9139064
650 4 _aHistoria eclesiástica-
_yS.XIV.
_9139066
852 4 _aES-MaACL
_jF-11445
999 _c108269
_d108269